Bjulleten' inostrannoj kommerčeskoj informacii

Saved in:
Bibliographic Details
Format: Serial
Language:Russian
Published: Moskva Vsesoj. naučno-issled. kon'junkt inst. 1988
Tags: Add Tag
No Tags, Be the first to tag this record!

MARC

LEADER 00000nas2a2200000 4500
001 s027554
005 20250730114137.1
041 0 |a rus 
044 |a RU 
245 1 0 |a Bjulleten' inostrannoj kommerčeskoj informacii 
264 1 |a Moskva  |b Vsesoj. naučno-issled. kon'junkt inst.  |c 1988 
773 0 |w eu_un_cat*0008266